| 000 | 00981cam a22002415a 4500 | ||
|---|---|---|---|
| 001 | L150432 | ||
| 008 | 100713s2010 xxk f v 000 0 eng u | ||
| 035 | _a(Sirsi) u150432 | ||
| 041 | 0 | _aeng | |
| 100 | 1 | _aJones, Andrew | |
| 245 | 0 | 0 |
_aHow to mop after liquidation _bwhat happens to a construction contract when one of the parties involved goes into liquidation? |
| 260 | _c2010 | ||
| 490 | 0 |
_aConstruction News _v7175 8 July 2010, 34-35(2) |
|
| 520 | _aIf an insolvent business cannot be rescued it will end up in liquidation; adjudications; defects; late payment; debt. | ||
| 590 | _aKA | ||
| 651 | 4 |
_aEngland and Wales _y1543- |
|
| 690 | _aMANAGEMENT-DISPUTE AVOIDANCE, MANAGEMENT AND RESOLUTION-DISPUTE MANAGEMENT AND RESOLUTION-ALTERNATIVE DISPUTE RESOLUTION-ADJUDICATION | ||
| 690 | _aBUILT ENVIRONMENT-CONSTRUCTION MANAGEMENT-BUILDING CONTRACT ADMINISTRATION | ||
| 700 | 1 | _aCarey, Steven | |
| 700 | 1 | _aShiels, Louise | |
| 700 | 1 | _aWilson, Charles | |
| 942 | _n0 | ||
| 999 |
_c82507 _d82507 |
||